01738cam a22004694i 4500003000900000005001700009008004100026020001500067035002700082040003300109082002300142100003400165245005300199264005600252300004300308336002100351337002500372338002300397505035400420526001000774526001000784526001000794526001000804526000800814526000800822526000800830526000800838526000800846526000800854526000800862630002800870700003800898700003800936700004000974700003401014700003901048700003901087700003601126700004001162700003501202700003101237PE-LiUPU20250731173515.0150616s r 000 0 d a8471512424 a(Sirsi) i9788471512420 aPE-LiUPUbspacPE-LiUPUerda04a220.07bB291-32211 aBeaude, Pierre-Marie,eautor.10aIniciación a la Biblia /cPierre-Marie Beaude. 1aEstella (Navarra) :bEditorial Verbo Divino,c1979. aPaginación Varia ;c19 centímetros atext2rdacontent aunmediated2rdamedia avolume2rdacarrier0 aEl acontecimiento iniciador de Israel: el éxodo.- El reino de David y el documento yavista.- El reino del norte: el documento elohísta y el profetismo.- Deuteronomio y Jeremías.- Eel destierro: tradición sacerdotal y Ezequiel.- Fin del destierro: 2 y 3 Isaías.- La literatura sapiencial.- Daniel y el apocalipsis.- Al final del recorrido. aSEG42 aSEG41 aSEG40 aSEG39 aP94 aP87 aP86 aP85 aP77 aP76 aP35 aBibliaxIntroducciones.1 aBeaude, Pierre-Marieecolaborador1 aBrossier, Francois, ecolaborador1 aCharpienter, Etienne, ecolaborador1 aCousin, Hugues, ecolaborador1 aRobert, Philippe de, ecolaborador1 aDubois, Jean-Daniel, ecolaborador1 aDuprezz, Antoine, ecolaborador1 aLemonon, Jean-Pierre, ecolaborador1 aQuesnel, Michel, ecolaborador1 aSevin, Marc, ecolaborador